[Event "AUT-chT2S 9798"]
[Site "Austria"]
[Date "1997.11.15"]
[Round "3"]
[White "Gelbmann, Norbert"]
[Black "Kurasch, Josef"]
[Result "1-0"]
[WhiteElo "2250"]
[BlackElo "2115"]

1.e4 d6 2.d4 Nf6 3.Nc3 c6 4.f4 Qa5 5.Nf3 Nxe4 6.Bd3 Nxc3 7.Qd2 Bg4 8.O-O Nd7
9.bxc3 g6 10.Qe1 Bxf3 11.Rxf3 O-O-O 12.a4 h5 13.Bd2 h4 14.c4 Qh5 15.Rb1 Bg7
16.Be3 Nf6 17.d5 c5 18.Qa5 Rd7 19.Qxa7 Rc7 20.Bd2 Ng4 21.h3 Bd4+ 22.Kh1 Kd7
23.Ba5 Rhc8 24.hxg4 Qxg4 25.Rxb7  1-0

[Event "CZE-chT 9798"]
[Site "CZE"]
[Date "1997.11.15"]
[Round "1"]
[White "Movsesian, Sergei"]
[Black "Pribyl, Josef"]
[Result "1-0"]
[WhiteElo "2595"]
[BlackElo "2425"]

1.e4 d6 2.d4 Nf6 3.Nc3 e5 4.Nf3 Nbd7 5.Bc4 Be7 6.O-O O-O 7.a4 c6 8.Qe2 b6
9.Rd1 Qc7 10.Ba2 Bb7 11.dxe5 dxe5 12.Nh4 Bb4 13.Nb1 a5 14.c3 Bc5 15.Qf3 Rfd8
16.Nf5 Nf8 17.Re1 Ne8 18.Nd2 Bc8 19.Nb3 Be6 20.Nxc5 Bxa2 21.Rxa2 bxc5 22.Bg5 Rd7
23.Qg4 Ne6 24.h4 Kh8 25.Raa1 Rb8 26.Rab1 Rd3 27.Qe2 Qd7 28.Ne3 Rd2 29.Qg4 h6
30.Qh5 Kg8 31.Bxh6 gxh6 32.Nc4 Nf4 33.Qf3 Nd3 34.Qg3+ Ng7 35.Red1 Rbxb2 36.Nxd2 Nf4
37.Qe3 Qg4 38.Qf3 Ne2+ 39.Kf1 Qxf3 40.Nxf3 Rxb1 41.Rxb1 Nxc3 42.Rc1 Nxa4
43.Nxe5 Ne6 44.Nxc6  1-0

[Event "Bayern-chI Bank Hofmann"]
[Site "Bad Wiessee"]
[Date "1997.11.18"]
[Round "4"]
[White "Hertneck, Gerald"]
[Black "Phildius, Bernhard"]
[Result "1-0"]
[WhiteElo "2525"]
[BlackElo "2330"]

1.e4 d6 2.d4 Nf6 3.Nc3 c6 4.Nf3 Bg4 5.h3 Bxf3 6.Qxf3 e6 7.Bd3 d5 8.e5 Nfd7
9.O-O Na6 10.a3 Nc7 11.Ne2 Qe7 12.Bd2 O-O-O 13.Bb4 Qg5 14.Qxf7 Bxb4 15.axb4 Rdf8
16.f4 Qh4 17.g3 Qxh3 18.Qe7 a6 19.Kf2 Qg4 20.Ke3 Nb6 21.b3 Kb8 22.Qg5 Qxg5
23.fxg5 g6 24.Rh1 Nc8 25.Raf1 Rxf1 26.Rxf1 Re8 27.Rf6 b6 28.Nf4 Kb7 29.c3 Re7
30.Be2 Ne8 31.Bg4 a5 32.bxa5 bxa5 33.Nxe6 Nb6 34.Nd8+ Kc7 35.Rxc6+  1-0

[Event "GER-ch"]
[Site "Gladenbach"]
[Date "1997.11.19"]
[Round "3"]
[White "Seger, Ruediger"]
[Black "Miltner, Arndt"]
[Result "0-1"]
[WhiteElo "2340"]
[BlackElo "2410"]

1.e4 d6 2.d4 Nf6 3.Nc3 Nbd7 4.Nf3 e5 5.Bc4 Be7 6.dxe5 dxe5 7.Bxf7+ Kxf7 8.Ng5+ Kg6
9.f4 exf4 10.Ne6 Qg8 11.Nxf4+ Kf7 12.O-O Qd8 13.Nd3 Bd6 14.e5 Bxe5 15.Nxe5+ Nxe5
16.Qh5+ Ng6 17.Nd5 Bg4 18.Qg5 h6 19.Qd2 c6 20.Nxf6 gxf6 21.Qc3 Be6 22.Be3 f5
23.Rad1 Qc7 24.Bd4 Rh7 25.Qh3 Kg8 26.b3 b6 27.Bb2 Re8 28.Rfe1 c5 29.Re3 h5
30.Rde1 Qf7 31.Qf3 h4 32.Qc6 Nf8 33.Qd6 Qg6 34.R1e2 Rd7 35.Qf4 Qh5 36.Qe5 Qh6
37.Qc3 Rd1+ 38.Re1 Red8 39.h3 R8d4 40.Rxd1 Rxd1+ 41.Re1 Rxe1+ 42.Qxe1 Kf7  0-1

[Event "Bayern-chI Bank Hofmann"]
[Site "Bad Wiessee"]
[Date "1997.11.20"]
[Round "6"]
[White "Klundt, Klaus"]
[Black "Phildius, Bernhard"]
[Result "1-0"]
[WhiteElo "2360"]
[BlackElo "2330"]

1.e4 d6 2.d4 Nf6 3.Nc3 c6 4.Nf3 Bg4 5.Be2 e6 6.O-O Be7 7.Be3 d5 8.h3 Bh5
9.exd5 cxd5 10.g4 Bg6 11.Ne5 Nfd7 12.Nxg6 hxg6 13.Kg2 Nc6 14.Qd2 Nb6 15.b3 Rc8
16.Nd1 Bb4 17.c3 Bd6 18.f4 Ne7 19.Nf2 Nd7 20.c4 Nf6 21.c5 Bb8 22.Bd3 Qc7
23.Rh1 Rh4 24.Rag1 Kd7 25.b4 Rch8 26.b5 Ke8 27.a4 Kf8 28.a5 Kg8 29.Qb4 Qd8
30.Qd2 Ne4 31.Nxe4 dxe4 32.Bxe4 Nd5 33.Rf1 g5 34.fxg5 Qc7 35.Qf2 Rxg4+ 36.hxg4 Rh2+
37.Rxh2 Qxh2+ 38.Kf3 Qh3+ 39.Ke2 Nf4+ 40.Bxf4  1-0

[Event "GER-ch"]
[Site "Gladenbach"]
[Date "1997.11.20"]
[Round "4"]
[White "Schmittdiel, Eckhard"]
[Black "Maiwald, Jens Uwe"]
[Result "1/2-1/2"]
[WhiteElo "2450"]
[BlackElo "2450"]

1.e4 d6 2.d4 Nf6 3.Nc3 c6 4.f4 g6 5.Nf3 Bg7 6.Bd3 O-O 7.O-O Bg4 8.Be3 Qb6
9.Qd2 Bxf3 10.gxf3 Nbd7 11.Ne2 Qc7 12.Kh1 e5 13.fxe5 dxe5 14.c3 Rfe8 15.Ng3 Rad8
16.Rad1 b5 17.Qf2 Kh8 18.Bc2 a5 19.a4 bxa4 20.Bxa4 Qb7 21.Qe2 Nb6 22.Bc2 exd4
23.Bxd4 Nbd5 24.Ba4 Nf4 25.Qc2 Rb8 26.Rf2 Qc7 27.Bc5 Bf8 28.Be3 Ne6 29.Bb3 Bc5
30.Bxc5 Nxc5 31.Ba2 h5 32.Qd2 Rbd8 33.Qh6+ Nh7 34.Rfd2 Rxd2 35.Qxd2 Qe7 36.Qd4+ Nf6
37.Qd6 Na4 38.Qxc6 Nxb2 39.Rd2 Rb8 40.Ne2 Kg7 41.Rd4 h4 42.Nf4 Qe5 43.Nd5 Nxd5
44.Qxd5 Qf4 45.e5 Qc1+ 46.Kg2 h3+ 47.Kxh3 Qf1+ 48.Kg3 Qe1+ 49.Kg4 Qg1+ 50.Kf4 Qxh2+
51.Ke3 Qg1+ 52.Ke2 Qg2+ 53.Ke1 Qg1+ 54.Ke2 Qg2+ 55.Ke3 Qg1+ 56.Kf4 Qh2+ 57.Kg5 Qh5+
58.Kf4 Qh4+  1/2-1/2

[Event "GER-ch"]
[Site "Gladenbach"]
[Date "1997.11.21"]
[Round "5"]
[White "Kindermann, Stefan"]
[Black "Schmaltz, Roland"]
[Result "1-0"]
[WhiteElo "2570"]
[BlackElo "2445"]

1.e4 d6 2.d4 Nf6 3.Nc3 Nbd7 4.Nf3 e5 5.Bc4 Be7 6.O-O O-O 7.a4 c6 8.Re1 b6
9.d5 cxd5 10.Nxd5 Bb7 11.b3 Rc8 12.Re2 Nxd5 13.Bxd5 Bxd5 14.Qxd5 Nf6 15.Qd1 d5
16.exd5 e4 17.Ng5 Nxd5 18.Nxe4 Bb4 19.Bd2 Re8 20.Bxb4 Nxb4 21.Rd2 Qh4 22.Nd6 Nxc2
23.Rxc2 Rxc2 24.Qxc2 Qf6 25.Qd1 Rd8 26.Rc1 Qe6 27.Rc6  1-0

[Event "BCF-chT 97/98 (4NCL)"]
[Site "GBR"]
[Date "1997.11.22"]
[Round "3"]
[White "Lalic, Susan"]
[Black "Dishman, Stephen"]
[Result "0-1"]
[WhiteElo "2370"]
[BlackElo "2325"]

1.e4 d6 2.d4 Nf6 3.Nc3 e5 4.dxe5 dxe5 5.Qxd8+ Kxd8 6.Bc4 Be6 7.Bxe6 fxe6
8.Be3 a6 9.O-O-O+ Bd6 10.Nge2 Ke7 11.f3 Nc6 12.Nb1 Na5 13.b3 h6 14.Rd3 Rac8
15.Rhd1 b5 16.Bd2 Nb7 17.Be3 c5 18.c4 b4 19.Nd2 Rhf8 20.h4 Nh5 21.Nf1 Rcd8
22.Kc2 a5 23.g4 Nf4 24.Nxf4 exf4 25.Bf2 g5 26.Nd2 Be5 27.Nb1 Rxd3 28.Rxd3 Ra8
29.a4 Rd8 30.Rxd8 Kxd8 31.hxg5 hxg5 32.Nd2 Kd7 33.Kd3 Kd6 34.Bg1 Nd8 35.Bf2 Nc6
36.Ke2 Bd4 37.e5+ Kxe5 38.Ne4 Bxf2 39.Kxf2 Kd4 40.Ke2 Ne5 41.Nxg5 Kc3 42.Nxe6 Kxb3
43.Nxc5+ Kc2 44.Ne6 b3 45.Nd4+ Kc3 46.Nb5+ Kxc4 47.Kd2 Nxf3+ 48.Kc1 Ne5 49.g5 f3
50.Nd6+ Kd3 51.Nf5 Kc3 52.Ne3 b2+ 53.Kb1 Nc4  0-1

[Event "GER-ch"]
[Site "Gladenbach"]
[Date "1997.11.22"]
[Round "6"]
[White "Holzhaeuer, Mathias"]
[Black "Schmaltz, Roland"]
[Result "0-1"]
[WhiteElo "2355"]
[BlackElo "2445"]

1.e4 d6 2.d4 Nf6 3.Nc3 Nbd7 4.Nf3 e5 5.Bc4 Be7 6.Ng5 O-O 7.Bxf7+ Rxf7 8.Ne6 Qe8
9.Nxc7 Qd8 10.Nxa8 b5 11.dxe5 dxe5 12.Nxb5 Qa5+ 13.Nc3 Ba6 14.Bd2 Bc5 15.Qf3 Ne8
16.Qg4 Bxf2+ 17.Kd1 Nf8 18.Nd5 Qd8 19.c4 Qxa8 20.Rc1 Nd6 21.b3 Bc8 22.Qe2 Ne6
23.Bb4 Nd4 24.Qh5 Nxe4 25.h3 Nc6 26.Rf1 Be6  0-1

[Event "BCF-chT 97/98 (4NCL)"]
[Site "GBR"]
[Date "1997.11.23"]
[Round "4"]
[White "Hinks Edwards, Thom"]
[Black "Houska, Miroslav"]
[Result "0-1"]
[WhiteElo "2260"]
[BlackElo "2385"]

1.e4 d6 2.d4 Nf6 3.Nc3 e5 4.Nf3 Nbd7 5.Bc4 Be7 6.O-O O-O 7.Re1 c6 8.a4 b6
9.d5 c5 10.a5 bxa5 11.Nd2 Nb6 12.Bb5 a6 13.Bc6 Rb8 14.Nb3 Nfd7 15.Nxa5 f5
16.Bxd7 Qxd7 17.Nc6 Ra8 18.Na4 Nxa4 19.Rxa4 Bh4 20.Qh5 Bf6 21.f4 Bb7 22.Qxf5 Bxc6
23.dxc6 Qxc6 24.Qe6+ Kh8 25.b3 exf4 26.Qd5 Qe8 27.Bxf4 Bd4+ 28.Be3 Bxe3+
29.Rxe3 Qg6 30.Ra1 Qf6 31.Rae1 Qf2+  0-1

[Event "GER-ch"]
[Site "Gladenbach"]
[Date "1997.11.23"]
[Round "7"]
[White "Holzhaeuer, Mathias"]
[Black "Hennings, Artur"]
[Result "1/2-1/2"]
[WhiteElo "2355"]
[BlackElo "2320"]

1.e4 d6 2.d4 Nf6 3.Nc3 e5 4.dxe5 dxe5 5.Qxd8+ Kxd8 6.Nf3 Bd6 7.Bc4 Be6 8.Bxe6 fxe6
9.a3 Nbd7 10.Nd2 c6 11.f3 Ke7 12.Ne2 a5 13.a4 Nb6 14.b3 Rhd8 15.Bb2 Nfd7
16.Nc1 Rdc8 17.Nd3 c5 18.c4 Rf8 19.O-O-O Nc8 20.Bc3 b6 21.g3 Na7 22.f4 Nc6
23.Nf3 Bc7 24.Nfxe5 Ndxe5 25.Nxe5 Nxe5 26.fxe5 Rf3 27.Kc2 Raf8 28.Rd2 Rf1
29.Rxf1 Rxf1 30.Rd1  1/2-1/2

[Event "GER-ch"]
[Site "Gladenbach"]
[Date "1997.11.23"]
[Round "7"]
[White "Gietl, Thomas"]
[Black "Miltner, Arndt"]
[Result "1-0"]
[WhiteElo "2300"]
[BlackElo "2410"]

1.e4 d6 2.d4 Nf6 3.Nc3 Nbd7 4.f4 e5 5.Nf3 exd4 6.Qxd4 c6 7.Be3 d5 8.exd5 Bc5
9.Qd3 O-O 10.O-O-O cxd5 11.Nd4 a6 12.Be2 Re8 13.Bf3 Nb6 14.Rhe1 Qc7 15.Kb1 Bg4
16.Bc1 Bxd4 17.Qxd4 Bxf3 18.gxf3 Rxe1 19.Rxe1 Qc6 20.h4 h6 21.f5 Rc8 22.Rg1 Kh7
23.Rg2 Re8 24.Qg1 Nh5 25.Be3 Qf6 26.Bd4 Re5 27.Re2 Nd7 28.Bxe5 Nxe5 29.Nxd5 Qxf5
30.f4 Ng6 31.Qd1 Qg4 32.Re1 Qxd1+ 33.Rxd1 Nxh4 34.Rd4 g5 35.fxg5 hxg5 36.Rb4 Kg6
37.Ne3 Nf6 38.Rb6 Kg7 39.Rxb7 Nf3 40.c4 g4 41.Rb6 Nd4 42.c5 g3 43.Rd6 Ng4
44.Ng2 Nf5 45.Rd5 Kf6 46.c6 Nge3 47.c7  1-0

[Event "GER-ch"]
[Site "Gladenbach"]
[Date "1997.11.24"]
[Round "8"]
[White "Luther, Thomas"]
[Black "Schmaltz, Roland"]
[Result "1/2-1/2"]
[WhiteElo "2525"]
[BlackElo "2445"]

1.e4 d6 2.d4 Nf6 3.Nc3 Nbd7 4.Nf3 e5 5.Bc4 Be7 6.O-O O-O 7.a4 c6 8.Ba2 b6
9.h3 a6 10.Qe2 Rb8 11.dxe5 dxe5 12.Rd1 Qc7 13.Nh4 Nc5 14.Nf5 b5 15.axb5 axb5
16.Bg5 b4 17.Nxe7+ Qxe7 18.Nb1 Be6 19.Qe3 Ra8 20.Bxf6 gxf6 21.Bxe6 Rxa1 22.Bf5 Rd8
23.Rxd8+ Qxd8 24.Qh6 Rxb1+ 25.Kh2 Qc7  1/2-1/2

[Event "Raiffeisen op-A 6th"]
[Site "Aschach"]
[Date "1997.12.27"]
[Round "3"]
[White "Tober, Gerhard"]
[Black "Weiss, Christian"]
[Result "1/2-1/2"]
[WhiteElo "2205"]
[BlackElo "2325"]

1.e4 d6 2.d4 Nf6 3.Nc3 c6 4.a4 g6 5.g3 Bg7 6.Bg2 O-O 7.Nge2 e5 8.O-O Nbd7
9.h3 Re8 10.Be3 b6 11.f4 Ba6 12.dxe5 dxe5 13.f5 Qc7 14.Qe1 h6 15.g4 g5 16.Bf3 Nf8
17.Qf2 Red8 18.Rfd1 Rxd1+ 19.Rxd1 Rd8 20.Rxd8 Qxd8 21.Ng3 Qd6 22.Qd2 Ne8
23.Qxd6 Nxd6 24.b3 Nd7 25.Be2 Bb7 26.Kf2 Bf8 27.Nb1 Nc8 28.Nd2 Bb4 29.Nc4 b5
30.axb5 cxb5 31.Nb2 a6 32.c4 Nd6 33.cxb5 axb5 34.Nd3 Ba3 35.Kf3 Bc6 36.Bc1 Bxc1
37.Nxc1 Nc5 38.Bd3 Kf8 39.Bc2 f6 40.Ke3 Ke7 41.Nce2 Be8 42.Kd2 Kd8 43.Nc3 Bf7
44.b4 Na6 45.Bd3 Nc7 46.Nf1 Be8 47.Ne3 Bc6 48.Bb1  1/2-1/2

[Event "Ambasador op"]
[Site "Bern"]
[Date "1997.12.??"]
[Round "7"]
[White "Sutter, Oliver"]
[Black "Gallagher, Joseph G"]
[Result "0-1"]
[WhiteElo "2311"]
[BlackElo "2521"]

1.d4 d6 2.e4 Nf6 3.Nc3 c6 4.Be2 Qa5 5.Qd3 Na6 6.Nf3 Nb4 7.Qd2 Nxe4 8.Nxe4 Nxc2+
9.Kd1 Qxd2+ 10.Bxd2 Nxa1 11.Kc1 Be6 12.b4 Bxa2 13.Kb2 Bd5 14.Nc3 Nb3 15.Nxd5 Nxd2
16.Nc7+ Kd7 17.Nxa8 Nxf3 18.Bxf3 g6  0-1

[Event "Alicante op"]
[Site "Alicante"]
[Date "1997.??.??"]
[Round "7"]
[White "Ponomariov, Boris"]
[Black "Arizmendi Martinez, Julen Luis"]
[Result "1-0"]
[WhiteElo "2365"]
[BlackElo "2430"]

1.e4 d6 2.d4 Nf6 3.Nc3 c6 4.f4 Qa5 5.Bd3 e5 6.dxe5 dxe5 7.f5 b5 8.Nf3 Nbd7
9.O-O Bb7 10.Qe2 Qc7 11.Kh1 Be7 12.Nd1 Nc5 13.Nf2 Nfd7 14.Be3 f6 15.a3 a6
16.Nd2 O-O-O 17.Rfc1 g6 18.b4 Nxd3 19.Nxd3 gxf5 20.exf5 c5 21.c4 Rhg8 22.Ne1 Kb8
23.cxb5 axb5 24.bxc5 Nxc5 25.Qxb5 Rd5 26.Rab1 Qd7 27.Qa5 Rg4 28.Nc4 Qxf5
29.Bg1 Rxc4 30.Rxb7+ Nxb7 31.Qa7+ Kc8 32.Rxc4+ Bc5 33.Qa4 Qf1 34.Qe8+ Kc7
35.Qf7+ Kb8  1-0

[Event "Alushta"]
[Site "Alushta"]
[Date "1997.??.??"]
[Round "2"]
[White "Mukhametov, Eldar"]
[Black "Eismont, Oleg"]
[Result "1-0"]
[WhiteElo "2460"]
[BlackElo "2465"]

1.e4 d6 2.d4 Nf6 3.Nc3 e5 4.Nf3 Nbd7 5.Bc4 Be7 6.O-O O-O 7.Re1 c6 8.a4 Qc7
9.h3 b6 10.Ba2 a6 11.Bg5 Rb8 12.Qe2 b5 13.axb5 axb5 14.Qe3 Re8 15.Ne2 exd4
16.Nfxd4 c5 17.Nf5 c4 18.b3 Bf8 19.bxc4 bxc4 20.Nc3 Rb2 21.Qg3 Kh8 22.Rad1 Rxc2
23.Nb5 Qa5 24.Bb1 Rxe4 25.Be3  1-0

[Event "Alushta"]
[Site "Alushta"]
[Date "1997.??.??"]
[Round "4"]
[White "Golubev, Mihail"]
[Black "Eismont, Oleg"]
[Result "1/2-1/2"]
[WhiteElo "2530"]
[BlackElo "2465"]

1.e4 d6 2.d4 Nf6 3.Nc3 e5 4.dxe5 dxe5 5.Qxd8+ Kxd8 6.Bc4 Be6 7.Bxe6 fxe6
8.Be3 Bd6 9.f3 a6 10.Nh3 Nc6 11.O-O-O Ke7 12.Nf2  1/2-1/2

[Event "Terres Catalanes 15th"]
[Site "Ampuriabrava"]
[Date "1997.??.??"]
[Round "9"]
[White "Pomes Marcet, Juan"]
[Black "Garcia Ilundain, David"]
[Result "1/2-1/2"]
[WhiteElo "2430"]
[BlackElo "2495"]

1.d4 d6 2.e4 Nf6 3.Nc3 Nbd7 4.Be3 e5 5.d5 Be7 6.f3 O-O 7.Qd2 c6 8.g4 cxd5
9.exd5 a6 10.a4 b6 11.Bc4 Bb7 12.h4 Rc8 13.b3 e4 14.g5 b5 15.axb5 axb5 16.Nxb5 Nh5
17.f4 Ng3 18.Rh3 Nf5 19.Ra7 Rb8 20.Nd4 Nxe3 21.Qxe3 Nb6  1/2-1/2

[Event "Ano Liosia op"]
[Site "Ano Liosia"]
[Date "1997.??.??"]
[Round "5"]
[White "Miladinovic, Igor"]
[Black "Zahariev, Zahari"]
[Result "1/2-1/2"]
[WhiteElo "2510"]
[BlackElo "2415"]

1.d4 d6 2.e4 Nf6 3.Nc3 c6 4.a4 Qa5 5.Bd3 e5 6.Ne2 Be7 7.O-O O-O 8.b4 Qc7
9.a5 exd4 10.Nxd4 d5 11.exd5 Bxb4 12.Ne4 Nxe4 13.Bxe4 cxd5 14.Bxd5 Qe5 15.c4 Nc6
16.Be3 Ne7 17.Nf3 Qc7 18.Qa4 Bc3 19.Ra2 Bf6 20.h3 Bd7 21.Qb4 Bc6 22.Rd1 Rfd8
23.Rad2 Nf5 24.Bg5 Bxg5 25.Nxg5 Bxd5 26.cxd5 Nd6 27.Qb1 g6 28.Qa1 Qe7 29.h4 Re8
30.Nf3 Qf8 31.Rd4 Qg7 32.Qa3 Rad8 33.Qc5 a6 34.Rb4 Ne4 35.Qa7 Nd6 36.Rf4 Qc3
37.Qb6 Rd7 38.h5 Qc2 39.Rd2 Qc1+ 40.Kh2 Ne4 41.hxg6 fxg6 42.Qe3 Rde7 43.Rd4 Qxe3
44.fxe3 Nd6 45.Rb4 Rxe3 46.Rb6 Rd8 47.Ng5 Nf5 48.Rxb7 Rxd5 49.Nxh7 Rxa5 50.Nf6+ Kf8
51.Nh7+ Ke8 52.Nf6+ Kf8 53.Nh7+  1/2-1/2

[Event "Ano Liosia op"]
[Site "Ano Liosia"]
[Date "1997.??.??"]
[Round "7"]
[White "Vouldis, Angelos"]
[Black "Gelashvili, Tamaz"]
[Result "1/2-1/2"]
[WhiteElo "2410"]
[BlackElo "2360"]

1.e4 d6 2.d4 Nf6 3.Nc3 e5 4.dxe5 dxe5 5.Qxd8+ Kxd8 6.Bc4 Be6 7.Bxe6 fxe6
8.Be3 Bd6 9.f3 a6 10.Nh3 Ke7 11.Nf2 Nc6 12.Nd3 b6 13.Nb1 Na5 14.Nd2 c5 15.c3 Nd7
16.b3 Rhc8 17.Nb2 b5 18.Ke2 c4 19.b4 Nc6 20.a4 Bxb4 21.cxb4 c3 22.Nd3 cxd2
23.Kxd2 Nd4 24.Bxd4 exd4 25.Rhc1 Rxc1 26.Nxc1 bxa4 27.Rxa4 Nb6 28.Ra2 e5
29.Nb3 Rb8 30.Kd3 Nd7 31.Ra4 Rc8 32.Kd2 Rc4 33.Na5 Rc3 34.Ra2 g5 35.Rc2 Ra3
36.Nb7 Ra4 37.Na5 g4 38.fxg4 Nf6 39.Rc7+ Kf8 40.Nc4 Ra2+ 41.Ke1 Rxg2 42.Nxe5 Nxg4
43.Nxg4 Rxg4 44.Rxh7  1/2-1/2

[Event "BEL-chT 9798"]
[Site "Antwerp"]
[Date "1997.??.??"]
[Round "2"]
[White "Roofdhooft, Marcel"]
[Black "Welling, Gerard"]
[Result "1/2-1/2"]
[WhiteElo "2300"]
[BlackElo "2355"]

1.e4 d6 2.d4 Nf6 3.Nc3 c6 4.Be2 Qa5 5.Bd2 e5 6.Nf3 Bg4 7.Nd5 Qd8 8.Nxf6+ Qxf6
9.dxe5 dxe5 10.Bg5 Qd6 11.Qxd6 Bxd6 12.O-O-O Be7 13.Bxe7 Kxe7 14.Nd4 Bxe2
15.Nxe2 Nd7 16.Rd2 Nc5 17.f3 Rhd8 18.Rhd1 Rxd2 19.Rxd2 a5 20.c3 h5 21.Kc2 h4
22.Nc1 f6 23.Nd3 Ne6 24.Rf2 Kd6 25.Rd2 Kc7 26.Rf2 Rh8 27.h3 Kd6 28.Rd2 Ke7
29.Nf2 b5 30.Nd3 Rb8 31.Rf2 c5 32.b3 Rc8 33.Nb2 Kf7 34.Nd1 c4 35.Ne3 cxb3+
36.axb3 b4 37.Nc4 Kg6 38.Kb2 Kg5 39.cxb4 axb4 40.Nb6 Rb8 41.Nd5 Nf4 42.Rd2 Rd8
43.Kc2 Nxd5 44.exd5 Rd6 45.Kd1 Kf4 46.Ke2 f5 47.Kf2 g6 48.Rd1 g5 49.Rd2 e4
50.Rd4 Ke5 51.Rxb4 Rxd5 52.fxe4 fxe4 53.Rb8 Rd2+ 54.Ke3 Rd3+ 55.Kf2 Rd2+
56.Ke3 Rxg2 57.Rb5+ Kf6 58.Kxe4 Kg6 59.Rb6+ Kh5 60.Rf6 Re2+ 61.Kd3 Rb2 62.Kc4 Rh2
63.Rf3 Rxh3 64.Rxh3 g4 65.Rd3 g3 66.Rd5+ Kg4 67.Rd4+ Kf3 68.Rxh4 g2 69.Kb4 g1=Q
70.Rc4 Qb6+ 71.Ka3 Qf2 72.Kb4 Qb2 73.Ka4 Ke3 74.Kb4 Kd3 75.Ka4 Qa2+ 76.Kb4 Qa1
77.Kb5 Qa7 78.Kb4 Qa6 79.Rc3+ Kd4 80.Rc4+ Kd5 81.Kc3 Qa3 82.Kc2 Qa2+ 83.Kc3 Qb1
84.Kb4 Qb2 85.Ka4 Qa2+ 86.Kb4 Qb1 87.Rc5+ Kd6 88.Rc4 Qa2 89.Rd4+ Kc6 90.Rc4+ Kb6
91.Kc3 Qa1+ 92.Kc2 Kb5 93.Ra4 Qe5 94.Rc4 Qe2+ 95.Kc3 Qe5+ 96.Kc2 Qe2+ 97.Kc3 Qf2
98.Rb4+ Kc5 99.Rc4+ Kd5  1/2-1/2

[Event "GER-ch U20 Girls"]
[Site "Apolda"]
[Date "1997.??.??"]
[Round "6"]
[White "Strehle, Isabel"]
[Black "Werner, Isabel"]
[Result "1/2-1/2"]
[WhiteElo "2220"]
[BlackElo "2215"]

1.e4 d6 2.d4 Nf6 3.Nc3 c6 4.f4 Qa5 5.e5 Ne4 6.Qf3 Nxc3 7.Bd2 Qd5 8.Qxc3 Qe4+
9.Kd1 dxe5 10.fxe5 Bg4+ 11.Kc1 e6 12.Nf3 Be7 13.Bd3 Qd5 14.Rf1 Na6 15.Qb3 Qd7
16.c3 Nc5 17.Qc2 Nxd3+ 18.Qxd3 Bf5 19.Qe2 h6 20.Ne1 c5 21.Be3 cxd4 22.Bxd4 O-O
23.Nf3 b5 24.Rd1 Qb7 25.Kd2 Rfd8 26.Ke1 Rd7 27.Rd2 Rad8 28.Rad1 a5 29.Qf2 a4
30.Kf1 a3 31.b3 Rd5 32.Qe2 Rc8 33.Rc1 Rd7 34.Be3 Rxd2 35.Bxd2 Qd5 36.Kg1 Bd3
37.Qe1 Be4 38.Qf2 Qd3 39.Kh1 Rd8 40.Be3 Bh7 41.Bd4 Rc8 42.Qe3 Qf5 43.Qe2 Qd3
44.Qxd3 Bxd3 45.Kg1 g5 46.g4 Be4 47.Nd2 Bb7 48.Kf2 Kg7 49.c4 Kg6 50.Ke3 bxc4
51.Nxc4 Bd5 52.Rc2 Rc6 53.Rc3 Bb4 54.Rc1 h5 55.gxh5+ Kxh5 56.Kd3 g4 57.Rf1 Rc7
58.Ne3 Bb7 59.Rf4 Ba6+ 60.Nc4 Bxc4+ 61.bxc4 Kh4 62.Rf2 Kh3 63.Rc2 Rd7 64.c5 Rc7  1/2-1/2

[Event "Arco di Trento op1"]
[Site "Arco di Trento"]
[Date "1997.??.??"]
[Round "1"]
[White "Ortega, Lexy"]
[Black "Luciani, Valerio"]
[Result "1-0"]
[WhiteElo "2460"]
[BlackElo "2180"]

1.d4 d6 2.e4 Nf6 3.Nc3 c6 4.Nf3 Bg4 5.h3 Bh5 6.Qe2 Bxf3 7.Qxf3 Nbd7 8.g4 e5
9.Be3 exd4 10.Bxd4 Ne5 11.Qg3 Be7 12.O-O-O Ng6 13.h4 h6 14.h5 Nf8 15.e5 dxe5
16.Bxe5 Qa5 17.Bc4 Qc5 18.Bxf6 gxf6 19.Bb3 Qa5 20.Rhe1 Rd8 21.Rxd8+ Qxd8
22.Qf4 Nd7 23.Qf5 Qc7 24.Bxf7+  1-0

[Event "EU-ch Rapid"]
[Site "Athens"]
[Date "1997.??.??"]
[Round "7"]
[White "Boensch, Uwe"]
[Black "Ribeiro, Fernando"]
[Result "1-0"]
[WhiteElo "2540"]
[BlackElo "2340"]

1.d4 d6 2.e4 Nf6 3.Nc3 c6 4.Nf3 Bg4 5.Be2 e6 6.O-O Be7 7.h3 Bh5 8.d5 exd5
9.exd5 c5 10.Bf4 O-O 11.Nd2 Bxe2 12.Qxe2 Re8 13.Nc4 Na6 14.Qf3 Nb4 15.Rac1 Qd7
16.g4 b5 17.Ne3 Qb7 18.Nf5 Bf8 19.Rfd1 Red8 20.Bg5 Nd7 21.Bxd8 Rxd8 22.Qe2 c4
23.a3 Na6 24.Ne7+ Kh8 25.Nc6 Rc8 26.b3 b4 27.axb4 Nxb4 28.Na5 Qa6 29.Nxc4 g6
30.Ra1 Qb7 31.Ne4 Qa8 32.Nexd6 Bg7 33.Nxc8 Qxc8 34.Rxa7 h5 35.Nd6  1-0

[Event "EU-ch Rapid"]
[Site "Athens"]
[Date "1997.??.??"]
[Round "13"]
[White "Ryan, Joseph"]
[Black "Ribeiro, Fernando"]
[Result "0-1"]
[WhiteElo "2245"]
[BlackElo "2340"]

1.d4 d6 2.e4 Nf6 3.Nc3 c6 4.a4 Qa5 5.Bd3 e5 6.Nf3 Bg4 7.dxe5 dxe5 8.O-O Nbd7
9.Be2 Rd8 10.Nd2 Be6 11.Bc4 Nc5 12.Qe2 Be7 13.Nf3 Qc7 14.h3 O-O 15.Be3 Bxc4
16.Qxc4 Ne6 17.a5 Ra8 18.Rfd1 Rfd8 19.Rxd8+ Bxd8 20.a6 b6 21.Ne1 Be7 22.Nd3 Rd8
23.f3 Nh5 24.Ne2 h6 25.b4 Qd6 26.b5 c5 27.Nc3 Nd4 28.Nd5 Bh4 29.Bxd4 exd4
30.Nc1 Nf4 31.Nxf4 Qxf4 32.Ne2 Qe3+ 33.Kh1 d3 34.Ng1 d2 35.Rd1 Bf2  0-1

[Event "AUT-chT2W 9798"]
[Site "Austria"]
[Date "1997.??.??"]
[Round "1"]
[White "Drexel, Christof"]
[Black "Sucher, Johannes"]
[Result "0-1"]
[WhiteElo "2230"]
[BlackElo "2125"]

1.e4 d6 2.d4 Nf6 3.Nc3 c6 4.Be3 g6 5.a4 Bg7 6.h3 O-O 7.Nf3 Qa5 8.Bd2 Qc7
9.Bc4 Nbd7 10.O-O c5 11.Qe2 cxd4 12.Nxd4 a6 13.Be3 Nc5 14.Nd5 Nxd5 15.exd5 Bd7
16.a5 Rac8 17.c3 Ne4 18.Bd3 Nc5 19.Rfe1 e5 20.dxe6 fxe6 21.Bc2 e5 22.Nb3 Bb5
23.Qd2 Nxb3 24.Bxb3+ Kh8 25.Bb6 Qe7 26.Rad1 Rf6 27.Bd5 Bc6 28.c4 Qf8 29.b4 Bh6
30.Qd3 Qe8 31.Rb1 Bxd5 32.Qxd5 Qc6 33.Qxc6 Rxc6 34.Re4 Rf4 35.Rxf4 Bxf4 36.g3 Bd2
37.Rb2 Bc3 38.Rb3 Rxc4 39.Bd8 Bxb4 40.Be7 Kg8 41.Kf1 Kf7 42.Bxd6 Bxd6 43.Rxb7+ Rc7  0-1

[Event "AUT-chT2W 9798"]
[Site "Austria"]
[Date "1997.??.??"]
[Round "2"]
[White "Medvegy, Zoltan"]
[Black "Schlosser, Philipp"]
[Result "1-0"]
[WhiteElo "2360"]
[BlackElo "2550"]

1.e4 d6 2.d4 Nf6 3.Nc3 c6 4.f4 Qa5 5.e5 Ne4 6.Qf3 Nxc3 7.Bd2 Bf5 8.Bxc3 Qd5
9.Qxd5 cxd5 10.O-O-O Nc6 11.Bd3 Bxd3 12.Rxd3 e6 13.Nf3 dxe5 14.dxe5 Bc5 15.Bd4 Be7
16.Rc3 Rc8 17.Bc5 b5 18.Nd4 Nxd4 19.Bxd4 Rxc3 20.Bxc3 Bc5 21.Rd1 Kd7 22.Bd4 Kc6
23.Bxc5 Kxc5 24.Kd2 b4 25.Kd3 Rb8 26.Ra1 a5 27.a3 a4 28.b3 axb3 29.cxb3 bxa3
30.Rxa3 Rb4 31.g3 h5 32.Kc3 Rb7 33.Ra5+ Kb6 34.Ra8 Kb5 35.Rc8 Ra7 36.Kd4 g6
37.Rc5+ Kb4 38.Rc3 Ra2 39.Rc7 Rd2+ 40.Ke3 Rxh2 41.Rxf7 Rg2 42.Re7 Rxg3+ 43.Kd4 Rg1
44.Rxe6 Rd1+ 45.Ke3 h4 46.Rxg6 h3 47.Rh6 Kc3 48.Kf2 Rd2+ 49.Kg3 d4 50.Kxh3 d3
51.Kg4 Rg2+ 52.Kf5 d2 53.Rc6+ Kxb3 54.Rd6 Kc3 55.e6 Re2 56.Kf6 Re4 57.f5 Rd4
58.Rxd4 Kxd4 59.e7 d1=Q 60.e8=Q Kc4 61.Qc6+ Kb4 62.Ke7 Qg4 63.f6 Qh4 64.Ke8 Qh8+
65.Kd7 Ka5 66.Qd5+ Ka4 67.f7 Qf8 68.Qe4+ Ka5 69.Qe7  1-0

[Event "AUT-chT2W 9798"]
[Site "Austria"]
[Date "1997.??.??"]
[Round "3"]
[White "Hagen, Kurt"]
[Black "Mrsic, Robert"]
[Result "1-0"]
[WhiteElo "2100"]
[BlackElo "1960"]

1.e4 d6 2.d4 Nf6 3.Nc3 c6 4.Bd3 e5 5.Nge2 Bg4 6.f3 Be6 7.Be3 Be7 8.Qd2 O-O
9.O-O Nbd7 10.a4 d5 11.h3 c5 12.dxe5 Nxe5 13.exd5 Nxd5 14.Nxd5 Bxd5 15.Nc3 Bc4
16.Bxc4 Nxc4 17.Qe2 Nxe3 18.Qxe3 Bf6 19.Kh1 Qd4 20.Qe4 b6 21.Rab1 Rad8 22.Rfe1 h6
23.Qc6 Bh4 24.Re4 Qf2 25.Re2 Qd4 26.Nb5 Qd7 27.Qxd7 Rxd7 28.Kh2 Bf6 29.Na3 Rd4
30.b3 Rfd8 31.Nc4 Kf8 32.g3 h5 33.h4 g6 34.Kg2 Rd1 35.Rxd1 Rxd1 36.f4 Bd4
37.Kf3 Rf1+ 38.Kg2 Rd1 39.Nd6 a6 40.f5 Rg1+ 41.Kh2 Rc1 42.Kg2 Rg1+ 43.Kf3 Rf1+
44.Ke4 Rf2 45.Rxf2 Bxf2 46.Kf3 Be1 47.fxg6 fxg6 48.Nc4 b5 49.axb5 axb5 50.Nd6 c4
51.Nxb5 cxb3 52.cxb3 Kg7 53.Nd4 Kf6 54.Nc2 Bc3 55.Ne3 Ke5 56.Ng2 g5 57.hxg5 Kf5
58.Nf4 Kxg5 59.Nd5 Be1 60.b4 Kf5 61.b5 h4 62.gxh4  1-0

[Event "AUT-chT2W 9798"]
[Site "Austria"]
[Date "1997.??.??"]
[Round "3"]
[White "Zumtobel, Thomas"]
[Black "Maier, Peter"]
[Result "1-0"]
[WhiteElo "2150"]
[BlackElo "2180"]

1.e4 d6 2.d4 Nf6 3.Nc3 e5 4.dxe5 dxe5 5.Qxd8+ Kxd8 6.Nf3 Bd6 7.Bc4 Be6 8.Bxe6 fxe6
9.Be3 Ke7 10.O-O-O Nc6 11.a3 a6 12.h3 Rhf8 13.Nh2 Na5 14.f3 Nc4 15.Bf2 b5
16.Ng4 Nh5 17.Ne3 Na5 18.Ne2 Nf4 19.Ng1 Nc6 20.h4 Nd4 21.h5 Nfe2+ 22.Kd2 Nxg1
23.Bxg1 Nc6 24.Ng4 Na5 25.Bh2 h6 26.Kc3 Nc6 27.Bg3 Rab8 28.Kd3 Kf7 29.Rb1 Kg8
30.c3 Rfd8 31.Kc2 a5 32.b4 a4 33.Rbd1 Rf8 34.Kb2 Rbe8 35.Rc1 Rb8 36.Ka2 Rb7
37.c4 bxc4 38.Rxc4 Rb6 39.Rhc1 Nd4 40.Bxe5 Ne2 41.R1c2 Ng3 42.Bd4 Rb5 43.e5 Be7
44.Rxc7 Bd8 45.Rc8 Nxh5 46.Bc5 Re8 47.Rd2  1-0

[Event "AUT-chT2W 9798"]
[Site "Austria"]
[Date "1997.??.??"]
[Round "5"]
[White "Doskocil, Klaus"]
[Black "Hausner, Ivan"]
[Result "1/2-1/2"]
[WhiteElo "2240"]
[BlackElo "2410"]

1.e4 d6 2.d4 Nf6 3.Nc3 c6 4.Nf3 Bg4 5.Be2 e6 6.O-O Be7 7.Be3 d5 8.e5 Nfd7
9.Qd2 c5 10.Nb5 Bxf3 11.Bxf3 cxd4 12.Bxd4 Nc6 13.Rfe1 O-O 14.c4 dxc4 15.Bxc6 bxc6
16.Nd6 Nb6 17.Rad1 Nd5 18.Bc5 f6 19.Qd4 fxe5 20.Qxe5 Rf6 21.Rd4 Bxd6 22.Qxd6 Qe8
23.Rxc4 Rd8 24.Qe5 Qf7 25.g3 Re8 26.Qd4 e5 27.Rxe5 Rxe5 28.Qxe5 Re6 29.Qb8+ Re8
30.Qxa7 Qf3 31.Qa5 g5 32.Qd2 Nf4 33.gxf4 Qg4+ 34.Kf1 Qh3+  1/2-1/2